[Event "Match of the Millennials U17"]
[Site "Saint Louis"]
[Date "2017.07.26"]
[Round "2.4"]
[White "Sarana, Aleksey"]
[Black "Li, Ruifeng"]
[Result "1/2-1/2"]
[BlackElo "2568"]
[WhiteElo "2510"]
[LiveChessVersion "1.4.8"]

1. d4 Nf6 {[%clk 1:30:50]} 2. c4 {[%clk 1:31:18]} e6 {[%clk 1:30:50]} 3. Nf3
{[%clk 1:31:55]} b6 {[%clk 1:31:37]} 4. g3 {[%clk 1:32:16]} Bb7 {[%clk 1:32:09]}
5. Bg2 {[%clk 1:32:22]} Be7 {[%clk 1:32:32]} 6. Nc3 {[%clk 1:32:22]} Ne4
{[%clk 1:32:32]} 7. Bd2 {[%clk 1:32:22]} Bf6 {[%clk 1:32:32]} 8. O-O
{[%clk 1:32:22]} O-O {[%clk 1:28:09]} 9. Ne5 Nxc3 {[%clk 1:28:35]} 10. Bxc3
{[%clk 1:33:42]} Bxg2 {[%clk 1:27:45]} 11. Kxg2 {[%clk 1:33:05]} d5
{[%clk 1:22:30]} 12. Qd3 {[%clk 1:24:00]} Qd6 {[%clk 1:17:15]} 13. e4
{[%clk 1:24:20]} Bxe5 {[%clk 1:17:36]} 14. dxe5 {[%clk 1:09:32]} dxe4
{[%clk 1:18:00]} 15. Qxe4 {[%clk 1:09:45]} Qc6 {[%clk 1:14:29]} 16. Kf3
{[%clk 1:07:11]} a5 {[%clk 1:14:49]} 17. Rfd1 {[%clk 1:07:36]} Qxe4+
{[%clk 1:15:11]} 18. Kxe4 {[%clk 1:05:40]} Na6 {[%clk 1:14:57]} 19. b3
{[%clk 1:00:55]} Rfd8 {[%clk 1:10:18]} 20. Ke3 {[%clk 0:50:42]} Kf8
{[%clk 1:08:04]} 21. h4 {[%clk 0:50:01]} Ke7 {[%clk 1:06:18]} 22. h5
{[%clk 0:49:05]} Nb4 {[%clk 1:04:06]} 23. Rxd8 {[%clk 0:47:08]} Rxd8
{[%clk 0:58:10]} 24. Ke2 {[%clk 0:41:50]} h6 {[%clk 0:48:42]} 25. a3
{[%clk 0:38:47]} Nc6 {[%clk 0:48:42]} 26. Rd1 {[%clk 0:38:47]} Rxd1
{[%clk 0:48:42]} 27. Kxd1 {[%clk 0:38:47]} Nb8 {[%clk 0:48:42]} 28. Ke2
{[%clk 0:38:47]} c5 {[%clk 0:48:42]} 29. Ke3 {[%clk 0:35:50]} Nc6
{[%clk 0:45:57]} 30. Ke4 {[%clk 0:31:47]} Kf8 {[%clk 0:39:22]} 31. Bd2
{[%clk 0:27:55]} Kg8 {[%clk 0:34:29]} 32. Be3 {[%clk 0:27:29]} Kh7
{[%clk 0:34:43]} 33. g4 {[%clk 0:24:09]} g6 {[%clk 0:35:03]} 34. f4
{[%clk 0:20:05]} Kg7 {[%clk 0:19:24]} 35. Bf2 {[%clk 0:16:05]} g5
{[%clk 0:19:50]} 36. fxg5 {[%clk 0:15:13]} hxg5 {[%clk 0:20:15]} 37. Be3
{[%clk 0:15:08]} Kh6 {[%clk 0:07:15]} 38. Bd2 {[%clk 0:15:16]} Nb8 39. Bc3
{[%clk 0:14:56]} Nc6 {[%clk 0:06:22]} 40. Bb2 {[%clk 0:15:06]} Kh7
{[%clk 0:06:42]} 41. Bc1 {[%clk 0:15:28]} Kh6 {[%clk 0:04:56]} 42. Be3
{[%clk 0:09:33]} a4 {[%clk 0:05:22]} 43. bxa4 Na5 44. Bd2 {[%clk 0:07:58]} Nc6
{[%clk 0:05:31]} 45. Bc3 {[%clk 0:07:16]} Na5 {[%clk 0:05:47]} 46. Kd3
{[%clk 0:07:30]} Kg7 {[%clk 0:06:06]} 47. Kc2 {[%clk 0:05:22]} Kh6
{[%clk 0:05:56]} 48. Kd1 {[%clk 0:04:50]} Kg7 {[%clk 0:05:32]} 49. Ke1
{[%clk 0:05:15]} Kh7 {[%clk 0:05:39]} 50. Kf1 {[%clk 0:05:40]} Kg7
{[%clk 0:05:54]} 51. Kf2 {[%clk 0:05:56]} Kh7 {[%clk 0:06:15]} 52. Kf3
{[%clk 0:06:22]} Kg7 {[%clk 0:06:34]} 53. Ke3 {[%clk 0:06:46]} Kh6
{[%clk 0:06:52]} 54. Kd3 {[%clk 0:03:41]} Kg7 {[%clk 0:07:17]} 55. Kd2
{[%clk 0:02:30]} Kh7 {[%clk 0:07:36]} 56. Kc2 {[%clk 0:02:56]} Kh6
{[%clk 0:08:00]} 57. Ba1 {[%clk 0:02:39]} Kh7 {[%clk 0:07:45]} 58. Kd1
{[%clk 0:02:25]} Kg7 {[%clk 0:07:26]} 59. Ke1 {[%clk 0:02:51]} Kh7
{[%clk 0:07:34]} 60. Kf1 {[%clk 0:03:17]} Kg7 {[%clk 0:08:00]} 61. Kf2
{[%clk 0:03:46]} Kh7 {[%clk 0:08:18]} 62. Kf3 {[%clk 0:04:13]} Kg7
{[%clk 0:08:39]} 63. Ke3 {[%clk 0:04:38]} Kh7 {[%clk 0:08:40]} 64. Bc3
{[%clk 0:04:39]} Kh6 {[%clk 0:09:06]} 65. Ke2 {[%clk 0:04:07]} Kh7
{[%clk 0:09:10]} 66. Bd2 {[%clk 0:04:26]} Kh6 {[%clk 0:09:33]} 67. Kd3
{[%clk 0:04:49]} Nc6 {[%clk 0:09:28]} 68. a5 {[%clk 0:03:35]} Nxa5
{[%clk 0:09:15]} 69. Bc3 {[%clk 0:03:38]} Kg7 {[%clk 0:09:30]} 70. Be1
{[%clk 0:03:32]} Nc6 {[%clk 0:09:25]} 71. Kc2 {[%clk 0:02:28]} Nd4+
{[%clk 0:08:53]} 72. Kc3 {[%clk 0:02:00]} Nf3 {[%clk 0:08:19]} 73. Bg3
{[%clk 0:02:28]} Nd4 {[%clk 0:08:36]} 74. Kb2 {[%clk 0:02:26]} Kh6
{[%clk 0:08:23]} 75. a4 {[%clk 0:01:54]} Nc6 {[%clk 0:08:26]} 76. Kc3 Kh7
{[%clk 0:08:40]} 77. Bh2 {[%clk 0:02:33]} Kh6 {[%clk 0:09:00]} 78. Bg3
{[%clk 0:02:58]} Kh7 {[%clk 0:09:25]} 79. Kd3 {[%clk 0:03:10]} Kh6
{[%clk 0:08:07]} 80. Ke4 {[%clk 0:03:33]} Na5 {[%clk 0:08:20]} 81. Be1
{[%clk 0:03:46]} Kg7 {[%clk 0:07:23]} 82. Kd3 {[%clk 0:04:10]} Kh6
{[%clk 0:07:05]} 83. Bd2 {[%clk 0:04:21]} Nc6 {[%clk 0:07:30]} 84. Bc3
{[%clk 0:04:14]} Na5 {[%clk 0:07:37]} 85. Kc2 {[%clk 0:03:39]} Kg7
{[%clk 0:07:59]} 86. Ba1 {[%clk 0:04:26]} Kh7 {[%clk 0:07:37]} 87. Kd3
{[%clk 0:04:48]} Kg7 {[%clk 0:07:56]} 88. Bb2 {[%clk 0:05:14]} Kh7
{[%clk 0:08:21]} 89. Bc1 {[%clk 0:05:30]} Kh6 {[%clk 0:08:46]} 90. Bd2
{[%clk 0:05:58]} Nc6 {[%clk 0:09:06]} 91. Bc3 {[%clk 0:03:04]} 1/2-1/2

[Event "Match of the Millennials U17"]
[Site "Saint Louis"]
[Date "2017.07.27"]
[Round "3.1"]
[White "Smirnov, Anton"]
[Black "Burke, John Michael"]
[Result "1/2-1/2"]
[BlackElo "2479"]
[WhiteElo "2495"]
[LiveChessVersion "1.4.8"]

1. e4 {[%clk 1:30:15]} e5 {[%clk 1:31:03]} 2. Nf3 {[%clk 1:30:21]} Nc6
{[%clk 1:31:03]} 3. Bb5 {[%clk 1:29:38]} a6 {[%clk 1:31:24]} 4. Ba4
{[%clk 1:30:05]} Nf6 {[%clk 1:31:47]} 5. O-O {[%clk 1:30:29]} Be7
{[%clk 1:32:12]} 6. Re1 {[%clk 1:30:54]} b5 {[%clk 1:32:38]} 7. Bb3
{[%clk 1:31:20]} O-O 8. c3 d5 {[%clk 1:31:52]} 9. exd5 {[%clk 1:32:05]} Nxd5 10.
Nxe5 {[%clk 1:32:21]} Nxe5 {[%clk 1:32:40]} 11. Rxe5 {[%clk 1:32:46]} c6
{[%clk 1:32:51]} 12. d4 {[%clk 1:33:10]} Bd6 {[%clk 1:33:01]} 13. Re1
{[%clk 1:33:33]} Qh4 {[%clk 1:32:55]} 14. g3 {[%clk 1:33:48]} Qh3
{[%clk 1:33:20]} 15. Re4 {[%clk 1:34:13]} g5 {[%clk 1:32:16]} 16. Qf1
{[%clk 1:34:53]} Qxf1+ {[%clk 1:27:30]} 17. Kxf1 {[%clk 1:34:32]} Bh3+ 18. Kg1 h6
{[%clk 1:17:37]} 19. a4 {[%clk 1:29:14]} Kg7 {[%clk 1:15:09]} 20. Bd2
{[%clk 1:21:14]} Rab8 {[%clk 1:06:11]} 21. Re1 {[%clk 1:13:25]} Nf6
{[%clk 1:01:50]} 22. Na3 {[%clk 0:55:25]} b4 {[%clk 1:01:36]} 23. Nc4
{[%clk 0:54:32]} bxc3 {[%clk 1:01:36]} 24. Bxc3 {[%clk 0:52:28]} Bxg3
{[%clk 0:55:07]} 25. Ba2 {[%clk 0:47:57]} Bf4 {[%clk 0:54:02]} 26. Ne5
{[%clk 0:46:13]} Nd5 {[%clk 0:46:31]} 27. Nxc6 {[%clk 0:36:51]} Nxc3
{[%clk 0:46:54]} 28. Nxb8 {[%clk 0:33:22]} Nxa2 {[%clk 0:47:09]} 29. Nxa6
{[%clk 0:33:45]} Ra8 {[%clk 0:45:44]} 30. Rxa2 {[%clk 0:34:07]} Rxa6
{[%clk 0:46:08]} 31. b4 {[%clk 0:32:37]} Be6 {[%clk 0:43:11]} 32. b5
{[%clk 0:26:48]} Ra5 33. Raa1 {[%clk 0:25:26]} Bd2 {[%clk 0:36:41]} 34. Reb1
{[%clk 0:23:05]} Bd5 {[%clk 0:25:23]} 35. b6 {[%clk 0:23:02]} Bb7
{[%clk 0:25:16]} 36. Rb5 {[%clk 0:22:59]} Ra6 {[%clk 0:23:57]} 37. d5
{[%clk 0:17:46]} Bf4 {[%clk 0:22:49]} 38. a5 {[%clk 0:17:58]} Kf6
{[%clk 0:19:59]} 39. Re1 {[%clk 0:12:31]} Be5 {[%clk 0:19:39]} 40. Rc5
{[%clk 0:12:30]} Bd6 {[%clk 0:15:00]} 41. Rc6 {[%clk 0:11:41]} Bxc6
{[%clk 0:15:26]} 42. dxc6 {[%clk 0:12:07]} Rxa5 {[%clk 0:15:19]} 43. Rc1
{[%clk 0:12:30]} Ra8 {[%clk 0:15:20]} 44. c7 {[%clk 0:12:45]} Bxc7
{[%clk 0:13:30]} 45. Rc6+ {[%clk 0:10:50]} Ke5 {[%clk 0:12:32]} 46. Rxc7
{[%clk 0:09:21]} Ra1+ {[%clk 0:12:34]} 47. Kg2 {[%clk 0:09:50]} Rb1
{[%clk 0:12:44]} 48. b7 {[%clk 0:08:44]} f5 {[%clk 0:12:15]} 49. Rh7
{[%clk 0:06:58]} Kf4 {[%clk 0:11:01]} 50. Rc7 Rb2 {[%clk 0:11:06]} 51. Rf7
{[%clk 0:07:43]} Rb1 {[%clk 0:10:21]} 52. Kg3+ {[%clk 0:07:42]} Ke4
{[%clk 0:10:31]} 53. Kg2 {[%clk 0:07:50]} Rb3 1/2-1/2

[Event "Match of the Millennials U17"]
[Site "Saint Louis"]
[Date "2017.07.27"]
[Round "3.2"]
[White "Esipenko, Andrey"]
[Black "Li, Ruifeng"]
[Result "1-0"]
[BlackElo "2568"]
[WhiteElo "2523"]
[LiveChessVersion "1.4.8"]

1. d4 {[%clk 1:30:56]} g6 {[%clk 1:30:53]} 2. c4 {[%clk 1:29:51]} Bg7
{[%clk 1:31:15]} 3. e4 {[%clk 1:29:41]} e6 {[%clk 1:31:38]} 4. Nc3
{[%clk 1:19:42]} Ne7 {[%clk 1:32:01]} 5. h4 {[%clk 1:18:33]} d5 {[%clk 1:31:42]}
6. Nf3 {[%clk 1:14:40]} h6 {[%clk 1:29:06]} 7. e5 {[%clk 1:13:08]} Nd7
{[%clk 1:25:42]} 8. Bf4 {[%clk 1:10:30]} c5 {[%clk 1:20:19]} 9. cxd5
{[%clk 1:04:43]} cxd4 {[%clk 1:11:15]} 10. Qxd4 {[%clk 0:50:11]} exd5
{[%clk 1:11:24]} 11. Nxd5 {[%clk 0:49:35]} Qa5+ {[%clk 1:04:32]} 12. Nc3
{[%clk 0:49:33]} O-O {[%clk 0:54:41]} 13. Bb5 {[%clk 0:46:39]} Nf5
{[%clk 0:48:21]} 14. Qa4 {[%clk 0:40:16]} Qc7 {[%clk 0:46:07]} 15. Nd5
{[%clk 0:35:47]} Qc5 {[%clk 0:46:03]} 16. Rd1 {[%clk 0:33:27]} Nb6
{[%clk 0:42:48]} 17. Nxb6 {[%clk 0:27:23]} axb6 {[%clk 0:42:33]} 18. Qc4
{[%clk 0:26:54]} Rxa2 {[%clk 0:35:32]} 19. Qxa2 {[%clk 0:24:48]} Qxb5
{[%clk 0:35:28]} 20. Qd5 {[%clk 0:23:56]} Qb4+ {[%clk 0:35:42]} 21. Bd2
{[%clk 0:21:40]} Qg4 {[%clk 0:34:56]} 22. O-O {[%clk 0:21:50]} Be6
{[%clk 0:32:53]} 23. Qxb7 {[%clk 0:20:33]} Rc8 {[%clk 0:30:32]} 24. Rfe1
{[%clk 0:18:09]} Nxh4 {[%clk 0:29:29]} 25. Nxh4 {[%clk 0:18:18]} Qxh4
{[%clk 0:29:55]} 26. Qxb6 {[%clk 0:17:27]} h5 {[%clk 0:22:05]} 27. Qe3
{[%clk 0:16:27]} Qa4 {[%clk 0:20:37]} 28. Bc3 {[%clk 0:14:53]} Kh7
{[%clk 0:20:48]} 29. Rd4 {[%clk 0:14:39]} Qb5 {[%clk 0:21:02]} 30. Rb4
{[%clk 0:14:26]} Qc6 {[%clk 0:19:04]} 31. Rb6 {[%clk 0:13:42]} Qc4
{[%clk 0:19:24]} 32. Qd4 {[%clk 0:12:33]} Qa2 {[%clk 0:19:49]} 33. Rb7
{[%clk 0:06:27]} Bf8 {[%clk 0:18:30]} 34. Qa7 {[%clk 0:05:03]} Qc4
{[%clk 0:17:09]} 35. Rb8 {[%clk 0:04:50]} Rxb8 {[%clk 0:16:01]} 36. Qxb8
{[%clk 0:05:15]} Bc5 {[%clk 0:16:21]} 37. Qd8 {[%clk 0:05:10]} Qg4
{[%clk 0:15:19]} 38. Ra1 {[%clk 0:02:13]} Qf5 {[%clk 0:09:12]} 39. Bd4
{[%clk 0:01:58]} Bxd4 {[%clk 0:06:36]} 40. Qxd4 {[%clk 0:02:24]} g5
{[%clk 0:06:25]} 41. b4 {[%clk 0:02:30]} h4 {[%clk 0:06:51]} 42. Re1
{[%clk 0:01:44]} Qg6 {[%clk 0:07:02]} 43. Kh2 {[%clk 0:01:48]} g4
{[%clk 0:07:17]} 44. Qf4 {[%clk 0:01:57]} 1-0

[Event "Match of the Millennials U17"]
[Site "Saint Louis"]
[Date "2017.07.27"]
[Round "3.3"]
[White "Xiong, Jeffery"]
[Black "Chopra, Aryan"]
[Result "1-0"]
[BlackElo "2491"]
[WhiteElo "2642"]
[LiveChessVersion "1.4.8"]

1. e4 {[%clk 1:30:55]} c5 {[%clk 1:30:56]} 2. Nf3 {[%clk 1:31:16]} d6
{[%clk 1:31:21]} 3. d4 {[%clk 1:31:38]} cxd4 {[%clk 1:31:46]} 4. Nxd4
{[%clk 1:32:02]} Nf6 {[%clk 1:32:10]} 5. Nc3 {[%clk 1:32:25]} a6 {[%clk 1:32:36]}
6. h3 {[%clk 1:32:46]} e5 {[%clk 1:32:53]} 7. Nde2 {[%clk 1:33:09]} h5
{[%clk 1:33:11]} 8. Bg5 {[%clk 1:33:31]} Be6 {[%clk 1:33:18]} 9. f4
{[%clk 1:33:26]} Nbd7 {[%clk 1:25:16]} 10. f5 {[%clk 1:33:17]} Bc4
{[%clk 1:25:31]} 11. Ng3 {[%clk 1:33:37]} Qc7 {[%clk 1:19:31]} 12. Bxc4
{[%clk 1:03:11]} Qxc4 {[%clk 1:19:51]} 13. Qf3 {[%clk 1:02:17]} h4
{[%clk 0:44:17]} 14. Nge2 {[%clk 0:54:39]} b5 {[%clk 0:39:21]} 15. a3
{[%clk 0:52:58]} Be7 {[%clk 0:36:15]} 16. O-O {[%clk 0:51:50]} Rd8
{[%clk 0:34:17]} 17. Nc1 {[%clk 0:41:41]} Nb6 {[%clk 0:26:10]} 18. Nd3
{[%clk 0:38:49]} a5 {[%clk 0:24:26]} 19. Nf2 {[%clk 0:29:04]} b4 {[%clk 0:16:43]}
20. axb4 {[%clk 0:29:25]} axb4 {[%clk 0:17:08]} 21. Ncd1 {[%clk 0:26:44]} d5
{[%clk 0:08:38]} 22. Ne3 {[%clk 0:26:46]} Qc5 {[%clk 0:07:47]} 23. Bxf6
{[%clk 0:23:55]} gxf6 {[%clk 0:05:06]} 24. exd5 {[%clk 0:23:49]} Nxd5
{[%clk 0:05:30]} 25. Nxd5 {[%clk 0:23:57]} Qxd5 {[%clk 0:05:53]} 26. Ne4
{[%clk 0:21:21]} Qd4+ {[%clk 0:05:13]} 27. Kh2 {[%clk 0:21:49]} Qxb2
{[%clk 0:04:39]} 28. Nxf6+ {[%clk 0:19:38]} Kf8 {[%clk 0:04:53]} 29. Ne4
{[%clk 0:19:02]} f6 {[%clk 0:03:16]} 30. Ng5 {[%clk 0:16:50]} fxg5
{[%clk 0:01:20]} 31. f6 {[%clk 0:17:18]} Bc5 {[%clk 0:01:40]} 32. Qb7
{[%clk 0:17:16]} Rg8 {[%clk 0:01:59]} 33. Ra7 {[%clk 0:17:32]} 1-0

[Event "Match of the Millennials U17"]
[Site "Saint Louis"]
[Date "2017.07.27"]
[Round "3.4"]
[White "Sevian, Sam"]
[Black "Sarana, Aleksey"]
[Result "1/2-1/2"]
[BlackElo "2510"]
[WhiteElo "2633"]
[LiveChessVersion "1.4.8"]

1. Nf3 {[%clk 1:30:56]} d5 {[%clk 1:30:42]} 2. d4 {[%clk 1:31:14]} Nf6
{[%clk 1:31:04]} 3. c4 {[%clk 1:31:32]} e6 {[%clk 1:31:21]} 4. g3
{[%clk 1:31:48]} Bb4+ {[%clk 1:31:12]} 5. Bd2 {[%clk 1:31:48]} Be7
{[%clk 1:31:36]} 6. Bg2 {[%clk 1:32:11]} O-O {[%clk 1:31:42]} 7. O-O
{[%clk 1:31:07]} c6 {[%clk 1:32:03]} 8. Qc2 {[%clk 1:31:31]} b6 {[%clk 1:32:14]}
9. Rd1 {[%clk 1:21:05]} Nbd7 {[%clk 1:31:38]} 10. b3 {[%clk 1:21:20]} a5
{[%clk 1:30:25]} 11. Bf4 {[%clk 1:14:33]} Ba6 {[%clk 1:26:01]} 12. Nc3
{[%clk 1:11:09]} Rc8 {[%clk 1:20:04]} 13. e4 {[%clk 1:01:23]} dxc4
{[%clk 1:20:15]} 14. Qe2 {[%clk 0:59:24]} Bb4 {[%clk 1:11:38]} 15. Rac1
{[%clk 0:52:45]} Ba3 {[%clk 1:06:24]} 16. Rb1 {[%clk 0:49:24]} Bb4
{[%clk 1:06:23]} 17. Rbc1 {[%clk 0:45:41]} Ba3 {[%clk 1:06:42]} 18. Rb1
{[%clk 0:32:54]} Bb4 {[%clk 1:06:54]} 1/2-1/2

[Event "Match of the Millennials U17"]
[Site "Saint Louis"]
[Date "2017.07.27"]
[Round "4.1"]
[White "Checa, Nicolas"]
[Black "Martirosyan, Haik"]
[Result "1-0"]
[BlackElo "2544"]
[WhiteElo "2415"]
[LiveChessVersion "1.4.8"]

1. d4 {[%clk 1:30:57]} Nf6 {[%clk 1:30:54]} 2. c4 {[%clk 1:31:20]} e6
{[%clk 1:31:21]} 3. Nf3 {[%clk 1:30:59]} b6 {[%clk 1:31:46]} 4. g3
{[%clk 1:31:06]} Ba6 {[%clk 1:32:12]} 5. b3 {[%clk 1:30:44]} Bb4+
{[%clk 1:32:21]} 6. Bd2 {[%clk 1:30:23]} Be7 {[%clk 1:32:45]} 7. Bg2
{[%clk 1:30:16]} c6 {[%clk 1:33:10]} 8. Bc3 {[%clk 1:28:29]} d5 {[%clk 1:32:51]}
9. Ne5 {[%clk 1:27:47]} Nfd7 {[%clk 1:33:03]} 10. Nxd7 {[%clk 1:27:16]} Nxd7
{[%clk 1:33:21]} 11. Nd2 {[%clk 1:27:31]} f5 {[%clk 1:33:45]} 12. O-O
{[%clk 1:26:11]} O-O {[%clk 1:34:09]} 13. a4 {[%clk 1:24:12]} Nf6
{[%clk 1:25:14]} 14. Qc2 {[%clk 1:14:16]} g5 {[%clk 1:05:50]} 15. Nf3
{[%clk 1:06:21]} Nd7 {[%clk 1:04:40]} 16. Bb2 {[%clk 1:02:54]} Bf6
{[%clk 0:56:50]} 17. a5 {[%clk 0:58:58]} b5 {[%clk 0:56:49]} 18. cxd5
{[%clk 0:58:08]} Nb8 {[%clk 0:40:44]} 19. dxe6 {[%clk 0:52:45]} Bc8
{[%clk 0:40:56]} 20. Qxf5 {[%clk 0:49:43]} Qe7 {[%clk 0:37:45]} 21. Ne5
{[%clk 0:48:18]} Bxe6 {[%clk 0:37:43]} 22. Qc2 {[%clk 0:48:40]} Rc8
{[%clk 0:31:15]} 23. Rac1 {[%clk 0:46:59]} Bxe5 {[%clk 0:31:06]} 24. dxe5
{[%clk 0:47:23]} Na6 {[%clk 0:31:32]} 25. Rfd1 {[%clk 0:45:24]} Qf7
{[%clk 0:29:29]} 26. Rd6 {[%clk 0:45:17]} Rf8 {[%clk 0:29:18]} 27. Rf1
{[%clk 0:45:09]} Rac8 {[%clk 0:27:27]} 28. Qd2 {[%clk 0:43:40]} 1-0

[Event "Match of the Millennials U17"]
[Site "Saint Louis"]
[Date "2017.07.27"]
[Round "4.2"]
[White "Burke, John Michael"]
[Black "Esipenko, Andrey"]
[Result "0-1"]
[BlackElo "2523"]
[WhiteElo "2479"]
[LiveChessVersion "1.4.8"]

1. e4 {[%clk 1:30:56]} e5 {[%clk 1:30:53]} 2. Nf3 {[%clk 1:31:19]} Nc6
{[%clk 1:31:18]} 3. Bb5 {[%clk 1:31:40]} a6 {[%clk 1:31:28]} 4. Ba4
{[%clk 1:32:02]} Nf6 {[%clk 1:31:51]} 5. O-O {[%clk 1:32:16]} Be7
{[%clk 1:32:12]} 6. d3 {[%clk 1:32:20]} b5 {[%clk 1:32:26]} 7. Bb3
{[%clk 1:32:47]} d6 {[%clk 1:32:52]} 8. a4 {[%clk 1:32:38]} Bd7 {[%clk 1:32:32]}
9. c3 {[%clk 1:32:18]} O-O {[%clk 1:28:51]} 10. Bc2 {[%clk 1:31:16]} Re8
{[%clk 1:27:56]} 11. Re1 {[%clk 1:30:44]} Bf8 {[%clk 1:24:17]} 12. Nbd2
{[%clk 1:29:28]} h6 {[%clk 1:15:19]} 13. h3 {[%clk 1:28:29]} d5 {[%clk 1:09:41]}
14. exd5 {[%clk 1:23:46]} Nxd5 {[%clk 1:09:53]} 15. Ne4 {[%clk 1:21:31]} b4
{[%clk 1:07:04]} 16. a5 {[%clk 1:16:48]} bxc3 {[%clk 0:51:39]} 17. bxc3
{[%clk 1:16:45]} Bd6 {[%clk 0:49:53]} 18. Bb3 {[%clk 1:08:44]} Nf6
{[%clk 0:47:56]} 19. Qe2 {[%clk 1:05:40]} Na7 {[%clk 0:39:55]} 20. Nfd2
{[%clk 0:56:29]} Nb5 {[%clk 0:39:05]} 21. Qf3 {[%clk 0:50:31]} Be6
{[%clk 0:36:06]} 22. Ba4 {[%clk 0:48:14]} Nxe4 {[%clk 0:24:27]} 23. Nxe4
{[%clk 0:48:11]} Rf8 {[%clk 0:21:36]} 24. Be3 {[%clk 0:41:26]} Be7
{[%clk 0:16:20]} 25. Rad1 {[%clk 0:37:06]} f5 {[%clk 0:13:59]} 26. Nc5
{[%clk 0:33:46]} Bd5 {[%clk 0:14:05]} 27. Qxd5+ {[%clk 0:31:17]} Qxd5
{[%clk 0:14:20]} 28. Bb3 {[%clk 0:31:45]} Qxb3 {[%clk 0:13:27]} 29. Nxb3
{[%clk 0:32:11]} Nxc3 {[%clk 0:13:54]} 30. Rc1 {[%clk 0:32:22]} Nd5
{[%clk 0:12:30]} 31. Rc6 {[%clk 0:29:45]} Rf6 {[%clk 0:11:12]} 32. Rxf6
{[%clk 0:27:15]} gxf6 {[%clk 0:11:27]} 33. Rc1 {[%clk 0:26:01]} Kf7
{[%clk 0:10:52]} 34. Nc5 {[%clk 0:20:35]} h5 {[%clk 0:09:22]} 35. Rc4
{[%clk 0:19:11]} f4 {[%clk 0:09:04]} 36. Bc1 {[%clk 0:19:25]} Bxc5
{[%clk 0:07:29]} 37. Rxc5 {[%clk 0:19:51]} Ke6 {[%clk 0:07:49]} 38. Ba3
{[%clk 0:18:56]} h4 {[%clk 0:03:52]} 39. Kf1 {[%clk 0:17:56]} Rb8
{[%clk 0:02:53]} 40. Rc6+ {[%clk 0:16:09]} Kd7 {[%clk 0:03:20]} 41. Rxa6
{[%clk 0:15:50]} Rb3 {[%clk 0:03:43]} 42. Bf8 {[%clk 0:14:09]} Rxd3
{[%clk 0:03:54]} 43. Bg7 {[%clk 0:13:30]} Ke7 {[%clk 0:03:13]} 44. Rc6
{[%clk 0:09:40]} Kf7 {[%clk 0:03:03]} 45. Bh6 {[%clk 0:08:58]} Ra3
{[%clk 0:02:48]} 46. Rc5 {[%clk 0:07:50]} Ke6 {[%clk 0:03:04]} 47. Bf8
{[%clk 0:07:39]} Ra2 {[%clk 0:03:05]} 48. Ke1 {[%clk 0:06:47]} e4
{[%clk 0:02:56]} 49. Rc4 {[%clk 0:06:24]} e3 {[%clk 0:02:36]} 50. fxe3
{[%clk 0:05:57]} fxe3 {[%clk 0:02:18]} 51. Bh6 {[%clk 0:05:09]} Rxa5
{[%clk 0:01:51]} 52. Rxh4 {[%clk 0:05:23]} f5 {[%clk 0:01:32]} 53. Rc4
{[%clk 0:03:57]} Ra1+ {[%clk 0:01:55]} 54. Ke2 {[%clk 0:04:25]} Ra2+
{[%clk 0:02:19]} 55. Kf1 {[%clk 0:02:49]} f4 {[%clk 0:02:44]} 56. Re4+
{[%clk 0:01:39]} Kf5 {[%clk 0:03:09]} 57. Re8 {[%clk 0:02:04]} Ra1+
{[%clk 0:01:14]} 58. Ke2 {[%clk 0:02:30]} Ra2+ {[%clk 0:01:39]} 59. Kf1
{[%clk 0:02:50]} Nc3 {[%clk 0:01:09]} 60. g4+ {[%clk 0:01:37]} Kg6
{[%clk 0:01:24]} 61. Bxf4 {[%clk 0:01:28]} Rf2+ {[%clk 0:01:51]} 62. Ke1
{[%clk 0:01:22]} Re2+ {[%clk 0:02:18]} 63. Kf1 {[%clk 0:01:49]} Rf2+
{[%clk 0:02:43]} 64. Ke1 {[%clk 0:02:17]} Rxf4 {[%clk 0:03:08]} 65. Rxe3
{[%clk 0:02:39]} Nd5 {[%clk 0:03:02]} 66. Re5 {[%clk 0:02:28]} Rd4
{[%clk 0:02:51]} 67. h4 {[%clk 0:02:30]} Kf6 {[%clk 0:02:49]} 68. Rh5
{[%clk 0:02:29]} c5 {[%clk 0:02:44]} 69. g5+ {[%clk 0:02:18]} Kg7
{[%clk 0:02:27]} 70. Rh6 {[%clk 0:02:31]} c4 {[%clk 0:02:00]} 71. h5
{[%clk 0:02:40]} c3 {[%clk 0:01:34]} 72. Rg6+ {[%clk 0:02:48]} Kh7
{[%clk 0:01:42]} 73. Rh6+ {[%clk 0:03:15]} Kg7 {[%clk 0:02:09]} 74. Rg6+
{[%clk 0:03:43]} Kf7 {[%clk 0:02:26]} 75. Rc6 {[%clk 0:04:09]} Rg4
{[%clk 0:02:29]} 76. g6+ {[%clk 0:02:32]} Kg7 {[%clk 0:02:49]} 77. Ke2
{[%clk 0:01:39]} Rg5 {[%clk 0:02:58]} 78. Rd6 {[%clk 0:01:33]} Rxh5
{[%clk 0:03:07]} 79. Kd3 {[%clk 0:01:40]} Rh3+ {[%clk 0:02:35]} 80. Kc2
{[%clk 0:01:46]} Nb4+ {[%clk 0:02:35]} 81. Kb3 {[%clk 0:01:46]} c2+
{[%clk 0:02:51]} 0-1